000
00302nam a2200109 4500
999
_c
507691
_d
507691
082
_a
T422065x54 1957
100
_a
Bombay. Reserve Bank of India
_9
2252
245
_a
Statistical tables relating to banks in India 1957
260
_a
Bombay
_b
Reserve Bank of India
_c
1957
300
_a
v.p.
942
_2
ddc